UBT Library

THE ORGANIZATION TRAP AND HOW TO GET OUT OF IT (Record no. 35434)

000 -LEADER
fixed length control field 00287nam a22001217a 4500
008 - FIXED-LENGTH DATA ELEMENTS--GENERAL INFORMATION
fixed length control field 171023b xxu||||| |||| 00| 0 eng d
041 ## - LANGUAGE CODE
Language code of text/sound track or separate title eng
080 ## - UNIVERSAL DECIMAL CLASSIFICATION NUMBER
Universal Decimal Classification number 338
100 ## - Rafti
Rafti 54
101 ## - Shkurtesa
Shkurtesa MEN
245 ## - TITLE STATEMENT
Title THE ORGANIZATION TRAP AND HOW TO GET OUT OF IT
Statement of responsibility, etc CULBERT,S.A
942 ## - ADDED ENTRY ELEMENTS (KOHA)
Source of classification or shelving scheme
Item type Books
Holdings
Withdrawn status Lost status Source of classification or shelving scheme Damaged status Not for loan Collection code Permanent location Current location Shelving location Date acquired Total Checkouts Full call number Barcode Date last seen Price effective from Koha item type
          Koleksioni i përgjithshem UBT - Lipjan UBT - Lipjan Koleksioni i përgjithshem 10/23/2017   338 CUL 002-2933596 10/23/2017 10/23/2017 Books
UBT Library © 2015-2024. All rights reserved University Education for Business and Technology